Actors in a Jurassic Movie - Sudden Death - Statistics

General Stats
  • This quiz has been taken 85 times
  • The average score is 7 of 10
Answers on the Grid
Answers color-coded by a green-red scale on the quiz's grid according to % correct below.
Jeff Goldblum
Scarlett Johansson
Mahershala Ali
Jonathan Bailey
Chris Pratt
Laura Dern
Sam Neill
Bryce Dallas Howard
Samuel L. Jackson
Omar Sy
Harrison Ford
Chris Evans
Rupert Grint
Emma Stone
Natalie Portman
Jennifer Lawrence
Jeremy Renner
Pedro Pascal
Glenn Close
Charlize Theron
Dwayne Johnson
Margot Robbie
Christian Bale
Tom Cruise
Brad Pitt
Josh Hutcherson
Orlando Bloom
Johnny Depp
Henry Cavill
Simon Pegg
 
Answer Stats
Answer % Correct
Owen Grady Chris Pratt
80%
Ellie Satler Laura Dern
73%
Alan Grant Sam Neill
73%
Ian Malcolm Jeff Goldblum
71%
Claire Dearing Bryce Dallas Howard
70%
Ray Arnold Samuel L. Jackson
70%
Zora Bennett Scarlett Johansson
62%
Barry Sembène Omar Sy
58%
Henry Loomis Jonathan Bailey
50%
Duncan Kinkaid Mahershala Ali
47%
No matching quizzes found
Score Distribution
Percent of People with Each Score
Percentile by Number Answered
Your Score History
You have not taken this quiz